| 000 | 00000nam 2200000za 4500 |
| 001 | 9.845140 |
| 003 | CaOODSP |
| 005 | 20221107152910 |
| 007 | cr ||||||||||| |
| 008 | 171004s2018 qucbd #ob f000 0 eng d |
| 020 | |a978-0-660-20495-6 |
| 040 | |aCaOODSP|beng |
| 043 | |an-cn--- |
| 086 | 1 |aEn4-144/70-2017E-PDF |
| 245 | 00|aCanadian environmental sustainability indicators |h[electronic resource] : |bnutrients in Lake Winnipeg. |
| 246 | 10|aNutrients in Lake Winnipeg |
| 260 | |aGatineau, QC : |bEnvironment and Climate Change Canada, |c2018. |
| 300 | |a28 p. : |bmaps, graphs |
| 500 | |a"January 2018." |
| 500 | |aTitle from cover. |
| 500 | |aIssued also in HTML format. |
| 500 | |aIssued also in French under title: Indicateurs canadiens de durabilité de l'environnement : éléments nutritifs dans le lac Winnipeg. |
| 504 | |aIncludes bibliographical references. |
| 520 | |a"Phosphorus and nitrogen are essential plant nutrients. When phosphorus or nitrogen levels are too high or too low, they can have harmful impacts on the food web of a lake or river. They are a measure of the health of Lake Winnipeg and its surrounding watershed. These indicators provide the status of phosphorus and nitrogen levels in Lake Winnipeg and 3 of its tributary rivers"--p. 5. |
| 692 | 07|2gccst|aLakes |
| 692 | 07|2gccst|aFertilizers |
| 692 | 07|2gccst|aEnvironmental indicators |
| 710 | 1 |aCanada. |bEnvironment and Climate Change Canada. |
| 775 | 08|tIndicateurs canadiens de durabilité de l'environnement |w(CaOODSP)9.845141 |
| 794 | |tCanadian environmental sustainability indicators |w(CaOODSP)9.861795 |
| 795 | |tCanadian environmental sustainability indicators |w(CaOODSP)9.822645 |
| 856 | 40|qPDF|s1,018 KB|uhttps://publications.gc.ca/collections/collection_2018/eccc/En4-144-70-2017-eng.pdf |
| 856 | 4 |qHTML|sN/A|uhttps://www.canada.ca/en/environment-climate-change/services/environmental-indicators/nutrients-in-lake-winnipeg.html |